[Event "March 1800+"]
[Site "SchemingMind.com"]
[Date "2016.05.09"]
[Round "-"]
[White "David Perna-Fraser"]
[Black "Till Plewe"]
[Result "1/2-1/2"]
[WhiteCountry "CAN"]
[BlackCountry "JPN"]
[WhiteElo "2357"]
[WhiteRD "68"]
[BlackElo "2434"]
[BlackRD "90"]
[GameID "399065"]

1. e4 e5 2. Nf3 Nc6 3. Bb5 a6 4. Ba4 Nf6 5. O-O Be7 6. Re1 b5 7. Bb3 O-O 8. c3 d5 9. exd5 Nxd5 10. Nxe5 Nxe5
11. Rxe5 c6 12. d4 Bd6 13. Re1 Qh4 14. g3 Qh3 15. Qe2 Bg4 16. Qf1 Qh5 17. Nd2 Rae8 18. Ne4 Bc7 19. Bd2 f5 20. Ng5 Rxe1
21. Rxe1 f4 22. h3 fxg3 23. f4 Kh8 24. Qg2 Bxf4 25. Bxf4 Nxf4 26. Nf7+=
1/2-1/2

[Event "March 1800+"]
[Site "SchemingMind.com"]
[Date "2016.05.10"]
[Round "-"]
[White "Andrea Carra"]
[Black "David Perna-Fraser"]
[Result "0-1"]
[WhiteCountry "ITA"]
[BlackCountry "CAN"]
[WhiteElo "2023"]
[WhiteRD "112"]
[BlackElo "2366"]
[BlackRD "66"]
[GameID "399066"]

1. d4 Nf6 2. c4 e6 3. Nc3 Bb4 4. Bd2 b6 5. f3 Bxc3 6. Bxc3 d5 7. e3 Ba6 8. b3 O-O 9. Bd3 Nc6 10. Ne2 Re8
11. Kd2 e5 12. cxd5 exd4 13. exd4 Bxd3 14. Kxd3 Nxd5 15. Bd2 Qf6 16. Bc3 Rxe2
0-1

[Event "March 1800+"]
[Site "SchemingMind.com"]
[Date "2016.05.09"]
[Round "-"]
[White "David Perna-Fraser"]
[Black "Andrea Carra"]
[Result "1-0"]
[WhiteCountry "CAN"]
[BlackCountry "ITA"]
[WhiteElo "2366"]
[WhiteRD "66"]
[BlackElo "2023"]
[BlackRD "112"]
[GameID "399067"]

1. e4 d6 2. d4 Nf6 3. Nc3 g6 4. Bd3 Bg7 5. h3 O-O 6. Nf3 c6 7. a4 Nbd7 8. O-O b6 9. Qe2 Bb7 10. Bg5 h6
11. Be3 Qc7 12. a5 e5 13. Qd2 exd4 14. Nxd4 Nc5 15. Bxh6 Rfe8 16. Bxg7 Kxg7 17. Nf5+ gxf5 18. Qg5+ Kf8 19. Qxf6 Nxd3 20. cxd3 fxe4
21. Nxe4 Re6 22. Qh8+ Ke7 23. Qh4+ Kf8 24. Ng5 Rg6 25. Rfe1
1-0

[Event "March 1800+"]
[Site "SchemingMind.com"]
[Date "2016.05.09"]
[Round "-"]
[White "Stephen Woodhouse"]
[Black "David Perna-Fraser"]
[Result "0-1"]
[WhiteCountry "ENG"]
[BlackCountry "CAN"]
[WhiteElo "1831"]
[WhiteRD "52"]
[BlackElo "2351"]
[BlackRD "67"]
[GameID "399068"]

1. e4 e5 2. Nf3 Nf6 3. d4 Nxe4 4. Bd3 d5 5. Nxe5 Nd7 6. Nxd7 Bxd7 7. O-O Be7 8. c4 Nf6 9. Nc3 Be6 10. cxd5 Nxd5
11. Re1 c6 12. Qf3 O-O 13. Nxd5 Bxd5 14. Be4 Bxe4 15. Qxe4 Bf6 16. Be3 Re8 17. Qd3 Qd5 18. Qb3 Qxb3 19. axb3 a6 20. Rac1 h6
21. Kf1 Rad8 22. Red1 Rd5 23. Rc4 Kh7 24. Ke2 Kg6 25. Kd3 Kf5 26. Rd2 Rb5 27. Rc5+ Rxc5 28. dxc5 Rd8+ 29. Kc2 Rxd2+ 30. Bxd2 Bd4
31. Bc3 Bxc3 32. Kxc3 Ke4 33. b4 g5 34. h3 h5 35. Kd2 Kd4 36. b3 h4 37. g4 Ke4 38. Ke2 Kf4 39. Ke1 Kf3 40. Kf1 f6
41. Kg1 Ke2 42. Kg2 Kd3 43. f4 Ke4 44. fxg5 fxg5 45. Kf2 Kf4
0-1

[Event "March 1800+"]
[Site "SchemingMind.com"]
[Date "2016.05.09"]
[Round "-"]
[White "David Perna-Fraser"]
[Black "Stephen Woodhouse"]
[Result "1-0"]
[WhiteCountry "CAN"]
[BlackCountry "ENG"]
[WhiteElo "2351"]
[WhiteRD "67"]
[BlackElo "1831"]
[BlackRD "52"]
[GameID "399069"]

1. e4 e6 2. d4 d5 3. exd5 exd5 4. Bd3 Bd6 5. Nf3 Ne7 6. Nc3 O-O 7. Nb5 c6 8. Nxd6 Qxd6 9. O-O Bf5 10. Re1 Bxd3
11. Qxd3 Nd7 12. Bf4 Qb4 13. c3 Qxb2 14. Bd6 Rfe8 15. Reb1
1-0

[Event "March 1800+"]
[Site "SchemingMind.com"]
[Date "2016.05.10"]
[Round "-"]
[White "frankly"]
[Black "David Perna-Fraser"]
[Result "1/2-1/2"]
[WhiteCountry "ENG"]
[BlackCountry "CAN"]
[WhiteElo "2458"]
[WhiteRD "57"]
[BlackElo "2366"]
[BlackRD "66"]
[GameID "399070"]

1. e4 e5 2. Nf3 Nf6 3. Nxe5 d6 4. Nf3 Nxe4 5. d4 d5 6. Bd3 Bd6 7. O-O O-O 8. c4 c6 9. cxd5 cxd5 10. Nc3 Nxc3
11. bxc3 h6 12. Rb1 Nc6 13. Bc2 Ne7 14. Nh4 Ng6 15. Nxg6 fxg6 16. f4 Rf6 17. Qf3 Qa5 18. g3 g5 19. Re1 Be6 20. Rxb7 Raf8
21. a4 gxf4 22. Rb5 fxg3 23. Qxf6 gxh2+ 24. Kh1 Rxf6 25. Rxa5 Bg3 26. Bd2 Bxe1 27. Bxe1 Rf1+ 28. Kxh2 Rxe1 29. Bg6 Bf7 30. Bxf7+ Kxf7
31. Rxd5 Rc1 32. Rd7+ Kf6 33. Rxa7 Rxc3 34. a5 Ra3 35. a6 Ke6=
1/2-1/2

[Event "March 1800+"]
[Site "SchemingMind.com"]
[Date "2016.05.10"]
[Round "-"]
[White "David Perna-Fraser"]
[Black "frankly"]
[Result "1/2-1/2"]
[WhiteCountry "CAN"]
[BlackCountry "ENG"]
[WhiteElo "2366"]
[WhiteRD "66"]
[BlackElo "2458"]
[BlackRD "57"]
[GameID "399071"]

1. e4 e5 2. Nf3 Nc6 3. Bb5 a6 4. Ba4 Nf6 5. O-O Be7 6. Re1 b5 7. Bb3 d6 8. c3 O-O 9. h3 Nb8 10. d4 Nbd7
11. Bc2 Bb7 12. Nbd2 Re8 13. Nf1 d5 14. Nxe5 Nxe5 15. dxe5 Nxe4 16. f3 Nc5 17. Be3 Qd7 18. f4 Rad8 19. Ng3 Ne4 20. Nxe4 dxe4
21. Qxd7 Rxd7 22. a4 b4 23. cxb4 Bxb4 24. Red1 Rdd8 25. Kf2 Bd5 26. a5 g5 27. g3 gxf4 28. gxf4 Be7 29. Bd4 Bh4+ 30. Ke3 f5
31. Rg1+ Kf7 32. Bd1 Rg8 33. Be2 Be7 34. Bxa6 Rxg1 35. Rxg1 Ra8 36. Be2 Rxa5 37. Bh5+ Kf8 38. e6 Bxe6=
1/2-1/2

[Event "March 1800+"]
[Site "SchemingMind.com"]
[Date "2016.05.14"]
[Round "-"]
[White "greghghs"]
[Black "David Perna-Fraser"]
[Result "0-1"]
[WhiteCountry "ENG"]
[BlackCountry "CAN"]
[WhiteElo "1982"]
[WhiteRD "83"]
[BlackElo "2347"]
[BlackRD "68"]
[GameID "399072"]

1. e4 e5 2. Nf3 Nf6 3. Nxe5 d6 4. Nc4 Nxe4 5. d4 d5 6. Ne3 Qf6 7. Qe2 Be6 8. c3 Be7 9. Nd2 Nxd2 10. Bxd2 c5
11. dxc5 O-O 12. Ng4 Qh4 13. Ne5 Bxc5 14. Nf3 Qh5 15. Be3 Bxe3 16. Qxe3 Nc6 17. Be2 Rae8 18. Qd2 Bh3 19. Kf1 Bf5 20. Nd4 Bg4
21. Bxg4 Qxg4 22. f3 Qh4 23. Nxc6 bxc6 24. g3 Qh3+ 25. Kf2 h5 26. a4 Re6 27. Rae1 h4 28. b4 Rfe8 29. Rxe6 Rxe6 30. Qg5 hxg3+
31. Qxg3 Qf5
0-1

[Event "March 1800+"]
[Site "SchemingMind.com"]
[Date "2016.05.14"]
[Round "-"]
[White "David Perna-Fraser"]
[Black "greghghs"]
[Result "1-0"]
[WhiteCountry "CAN"]
[BlackCountry "ENG"]
[WhiteElo "2357"]
[WhiteRD "68"]
[BlackElo "1956"]
[BlackRD "82"]
[GameID "399073"]

1. e4 e5 2. Nf3 Nc6 3. Bb5 f5 4. Nc3 fxe4 5. Nxe4 d5 6. Nxe5 dxe4 7. Nxc6 Qg5 8. Qe2 Nf6 9. f4 Qxf4 10. Nxa7+ Bd7
11. Bxd7+ Kxd7 12. Qb5+ Ke6 13. Qb3+ Nd5 14. Nb5 Be7 15. Qh3+ Ke5 16. d4+
1-0

[Event "March 1800+"]
[Site "SchemingMind.com"]
[Date "2016.05.09"]
[Round "-"]
[White "David Perna-Fraser"]
[Black "flyinduck"]
[Result "1/2-1/2"]
[WhiteCountry "CAN"]
[BlackCountry "CAN"]
[WhiteElo "2366"]
[WhiteRD "66"]
[BlackElo "2130"]
[BlackRD "58"]
[GameID "399074"]

1. e4 e5 2. Nf3 Nf6 3. d4 Nxe4 4. Bd3 d5 5. Nxe5 Nd7 6. Nxd7 Bxd7 7. O-O Bd6 8. c4 c6 9. cxd5 cxd5 10. Nc3 Nxc3
11. bxc3 O-O 12. Qh5 g6 13. Qxd5 Qc7 14. g3 Be6 15. Qf3 Qxc3 16. Rb1 Qxd4 17. Be4 Qc4 18. Bxb7 Rab8 19. Qf6 Rxb7 20. Bh6 Be5
21. Qxe5 f6 22. Qa1 Qd5 23. Rxb7 Qxb7 24. Bxf8 Bh3 25. f3 Bxf1= 26. Qxf6 Bd3 27. Qe6+ Qf7 28. Qxf7+=
1/2-1/2

[Event "March 1800+"]
[Site "SchemingMind.com"]
[Date "2016.05.10"]
[Round "-"]
[White "flyinduck"]
[Black "David Perna-Fraser"]
[Result "0-1"]
[WhiteCountry "CAN"]
[BlackCountry "CAN"]
[WhiteElo "2080"]
[WhiteRD "57"]
[BlackElo "2347"]
[BlackRD "68"]
[GameID "399075"]

1. d4 Nf6 2. c4 e6 3. Nc3 Bb4 4. f3 Nh5 5. Nh3 O-O 6. e4 f5 7. Bg5 Qe8 8. Be2 d6 9. O-O Nc6 10. Kh1 Bxc3
11. bxc3 fxe4 12. fxe4 Rxf1+ 13. Qxf1 e5 14. d5 Bxh3 15. gxh3 Na5 16. Qf3 Nf4 17. Bxf4 exf4 18. Qxf4 b6 19. Rf1 Nb7 20. e5 dxe5
21. Qg5 h6 22. Qg3 Qe7 23. Bg4 Rf8 24. Re1 e4 25. Be6+ Kh8 26. Rxe4 Qf6 27. Re1 Nd6 28. Bg4 Nxc4 29. h4 Nd6 30. h5 Qg5
31. Be6 Qxh5 32. h3 Rf3 33. Qg4 Qxg4 34. hxg4 Rxc3 35. Re2 b5 36. g5 Kh7 37. gxh6 gxh6 38. Rg2 a5
0-1